| 000 | 00601 a2200241 4500 | ||
|---|---|---|---|
| 260 | _aParis | ||
| 100 | _aBOYER, Jean | ||
| 260 | _bO.R.S.T.O.M. | ||
| 245 | _aLe calcium et le magnésium dans les sols des régions tropicales humides et sub-humides | ||
| 300 | _a173 p. | ||
| 650 | _a<Calcium><Magnésium> | ||
| 260 | _c1978 | ||
| 300 | _b24 cm | ||
| 130 | _lFr. | ||
| 035 | _a8024 | ||
| 035 | _a8025 | ||
| 035 | _a8026 | ||
| 440 | _a(Initiations Documentations techniques ; 35) | ||
| 500 | _aBibliographie pp. 157-173 | ||
| 999 |
_c11534 _d11534 |
||